| 000 | 01154nam a2200265Ia 4500 | ||
|---|---|---|---|
| 003 | Ost | ||
| 005 | 20260507075049.0 | ||
| 008 | 260507s9999||||xx |||||||||||||| ||und|| | ||
| 040 | _cfsecg | ||
| 041 | _aara | ||
| 082 | _a340 | ||
| 100 |
_aكوماني، لطيف جبر _eمؤلف |
||
| 245 | 0 |
_aالقانون البحري : _bالسفينة-أشخاص الملاحة-النقل-البيوع-التأمين / _c لطيف جبر كوماني |
|
| 250 | _aطبعة 2 | ||
| 260 |
_aعمان: _bالدار العلمية الدولية, _c2003 |
||
| 300 |
_a294 صفحة؛ _bإيضاحات ؛ _c25 سم |
||
| 490 |
_aالمكتبة القانونية _v487 |
||
| 504 | _aببليوغرافيا: ص.288 | ||
| 520 | _aالتعريف بالقانون البحري وتطوره- السفينة والأشخاص- الملاحة-النقل البحري والإستغلال البحري- البيوع البحرية- البيع بشرط التسليم- التأمين البحري | ||
| 653 | _aالتأمين البحري | ||
| 653 | _aالسفن | ||
| 653 | _aالقانون البحري | ||
| 653 | _aالنقل البحري | ||
| 942 | _cكتاب | ||
| 999 |
_c42623 _d42623 |
||